| 000 | 01227nam a22003257a 4500 | ||
|---|---|---|---|
| 003 | CHAP | ||
| 005 | 20220329143226.0 | ||
| 008 | 070425d2006 mx d rs o00110 spa d | ||
| 010 | _a93557 | ||
| 011 | _a94529 | ||
| 020 | _a9701348192 | ||
| 035 | _a105121 | ||
| 040 | _cCHAP | ||
| 082 | 0 | 4 |
_a331 _bI51 |
| 110 | 2 |
_aInstituto Nacional de Estadística, Geografía e Informática. México _959304 |
|
| 245 | 1 | 0 |
_aEstadísticas sobre la dinámica laboral en México 2000-2004 _c/por Instituto Nacional de Estadística, Geografía e Informática |
| 260 |
_aAguascalientes, Ags. : _bInstituto Nacional de Estadística, Geografía e Informática, _c2006 |
||
| 300 |
_a95 p. : _bcuad. |
||
| 590 |
_aBATCH-UPD _b10 _c20130110 _lUCH01 _h1600 |
||
| 590 |
_aBATCH-UPD _b10 _c20130410 _lUCH01 _h0957 |
||
| 590 |
_aBATCH-UPD _b10 _c20130914 _lUCH01 _h1300 |
||
| 590 |
_aCONVERSION _b10 _c20130109 _lUCH01 _h1352 |
||
| 650 | 1 | 4 |
_aEmpleo _xEstadísticas _zMéxico. _936559 |
| 650 | 1 | 4 |
_aTrabajo y trabajadores _xEstadísticas. _9114522 |
| 650 | 1 | 4 |
_aTrabajo y trabajadores _zMéxico. _9114553 |
| 901 | _aBK | ||
| 905 | _aMarco A. Mendoza T. | ||
| 942 | _cLIBRO | ||
| 949 |
_a331 I51 _bBC _cINEGI _d33724002030637 _eINEGI _gDonaciØn _h108628 _i105121 _sb |
||
| 999 |
_c93557 _d93557 |
||